Kontroly v systéme podvojného účtovníctva

Účtovná uzávierka ako prípravná fáza zostavenia účtovných výkazov a v spojitosti s ňou vecná kontrola účtovníctva. Hlavným nástrojom vecnej kontroly účtovníctva je inventúra a inventarizácia.

Enregistré dans:
Détails bibliographiques
Auteur principal: Bartošová, Viera
Format: Chapitre de livre
Langue:slovaque
Sujets:
Tags: Ajouter un tag
Pas de tags, Soyez le premier à ajouter un tag!

MARC

LEADER 00000naa a2200000 4500
001 0237260
005 20220805075323.4
041 0 |a slo 
044 |a SK 
245 1 0 |a Kontroly v systéme podvojného účtovníctva  |c Viera Bartošová 
520 |a Účtovná uzávierka ako prípravná fáza zostavenia účtovných výkazov a v spojitosti s ňou vecná kontrola účtovníctva. Hlavným nástrojom vecnej kontroly účtovníctva je inventúra a inventarizácia. 
610 2 0 |a závierka účtovná 
610 2 0 |a výkazy účtovné 
610 2 0 |a kontrola 
610 2 0 |a účtovníctvo podvojné 
100 1 |a Bartošová, Viera